MDQL
is popping MORE tags! Check the
thread
!
Quizzes
Events
Quiz Creation
Community
Videos
Private Events
Remove Ads
Sign In
Join for FREE
Feedback
Dark Mode
Quiz Categories
Sports
Geography
Music
Movies
Television
Just For Fun
Miscellaneous
History
Literature
Language
Science
Gaming
Entertainment
Religion
Holiday
For Kids
Quiz Lab
Recent
Popular Today
Quiz Kudos Today
Editor Picks
Curator Picks
Quizzes by...
Day
Popularity
Type
Ratings
Length
Year
Community
Subscriptions
Recent Discussions
Orange Saloon
Badges
Playlists
Quests
Create
Leaderboards
Showdown
Live 5
Trivia Bingo
Activity
Puzzle Library
Sporcle Events
Private Events
Virtual Trivia
Globe League
Become a Host
Pub Owners
SporcleCon
Opinionation
Our Games
Videos
Blog
Mobile Apps
Partnerships
Remove Ads and Go Orange
Feedback
Movies
Disney
Marvel Cinematic Universe
Movie Resume
Movie Titles
Oscar
Actor
Actress
Director
Pixar
Role
Movie Quotes
Movie Characters
Box Office
Nominee
Best Picture
Star Wars
James Bond
Horror Movies
Movies
Disney
Marvel Cinematic Universe
Movie Resume
Movie Titles
Oscar
Actor
Actress
Director
Pixar
Role
Movie Quotes
Movie Characters
Box Office
Nominee
Best Picture
Star Wars
James Bond
Horror Movies
Random Quiz
Search Sporcle
×
Quiz Lab
Quiz Lab
Movies
Quote
Type in answers that appear in a list
Type in answers that appear in a list
Classic
Best Score? Go Orange.
Jack Nicholson film quotes Stats
Can you name the Jack Nicholson film, based on a quote from Mr. Nicholson's character?
By
TeganX7
9m
32 Questions
162 Plays
162 Plays
162 Plays
Comments
Comments
Give Quiz Kudos
Give Quiz Kudos
-
- Ratings
hide this ad
Forced Order
Answers have to be entered in order
Answers have to be entered in order
Replay
Link that replays current quiz
Next Quiz
Link to next quiz in quiz playlist
You Got
0%
They Got
Avg Score
45%
Avg Friend Score
Upgrade to see
Score Distribution
Jump to the score distribution portion of the page
Score
0/32
Timer
09:00
0
Plays Today
Quote (year)
Film
% Correct
You make me want to be a better man. (1997)
As Good As It Gets
89.5%
... you have no idea how to defend a nation. All you did was weaken a country today, Kaffee. That's all you did. You put people's lives in danger. (1992)
A Few Good Men
77.8%
Wendy? Darling? Light, of my life. I'm not gonna hurt ya. You didn't let me finish my sentence. I said, I'm not gonna hurt ya. I'm just going to bash your brains in. (1980)
The Shining
75.9%
But, as my plastic surgeon always said: if you gotta go, go with a smile. (1989)
Batman
69.8%
Carter and I saw the world together. ... the last months of his life were the best months of mine. He saved my life... And he knew it before I did. (2007)
The Bucket List
67.9%
I don't want to be a product of my environment. I want my environment to be a product of me. (2006)
The Departed
66.7%
Aw come on, you're not gonna say that now! You're not gonna say that now! ... the Chief just voted; it was 10 to 9. Now I want that television set turned on RIGHT NOW! (1975)
One Flew Over the Cuckoo's Nest
66%
Of course, don't ever tell anybody that they're not free, 'cause then they're gonna get real busy killin' and maimin' to prove to you that they are. (1969)
Easy Rider
63.6%
I said I want the truth! (1974)
Chinatown
57.4%
Of course, when we make mistakes they call it evil. When God makes mistakes, they call it nature. So whaddya think? Women...a mistake...or did He do it to us on purpose!!? (1987)
The Witches of Eastwick
53.7%
If you wanted to get me on my back, all you had to do was ask me. (1983)
Terms of Endearment
51.9%
I've never seen a woman her age naked before. (2003)
Something's Gotta Give
51.2%
I want you to hold it between your knees. (1970)
Five Easy Pieces
48.8%
I want the people to know that they still have 2 out of 3 branches of the government working for them, and that ain't bad. (1996)
Mars Attacks
48.8%
... but what kind of difference have I made? What in the world is better because of me? (2002)
About Schmidt
46.9%
Never let a stranger in your cab, in your house or in your heart. Unless he is a friend of labor. (1992)
Hoffa
45.7%
Quote (year)
Film
% Correct
Do what? Do I ice her? Do I marry her? Which one of these? (1985)
Prizzi's Honor
44.4%
No novocaine. It dulls the senses. (1960)
The Little Shop of Horrors
43.8%
Take off your clothes, I have a relaxing technique I want to show you, it will be good for you. (2003)
Anger Management
42%
I'm just marking my territory, and you got in the way. (1994)
Wolf
37%
You dream that if you discuss the revolution with a man before you go to bed with him, it'll be missionary work rather than sex. (1981)
Reds
34.6%
Sandy, do you wanna get laid? (1971)
Carnal Knowledge
29.6%
Boy, they really stuck it to ya, didn't they, kid! Stick it in and break it off. Up your giggy with a wah-
wah brush, stick it in an' break it off. (1973)
The Last Detail
29%
This is a brutal layoff. And all because they couldn't program Wednesday nights. (1987)
Broadcast News
29%
By God, Helen, that's as good as it gets. You were born to be a star. (1987)
Ironweed
27.2%
They hang people for that, Cora! (1981)
The Postman Always Rings Twice
27.2%
Rawley's stealin' from Berman. It's a big thief stealin' from a little thief. (1990)
The Two Jakes
27.2%
There is no chance, no untried operation. All hope lies with him and none with me. Imagine though the shock from isolation, When he suddenly can hear and speak and see. (1975)
Tommy
23.5%
She shines first, she shines brightest, and she shines longest. (1996)
The Evening Star
22.8%
The Wizard is real and I know it! (2001)
The Pledge
19.8%
And yours is well-
known in New York, Mr. Stahr. (1976)
The Last Tycoon
17.3%
Don't be alarmed but I'm afraid Dr. Scarabus killed my father. (1963)
The Raven
15.4%
Quiz Playlist
Details
Report
Send in Message
Add To Playlist
Classic:
Type in answers that appear in a list
Forced Order:
Answers have to be entered in order
Last Updated: Feb 16, 2017
Quiz Scoreboard
CHALLENGE
Sign Up to Join the Scoreboard
Show All
Scores
Hide
Comments
May contain spoilers
Recently Published
Two Season TV Shows II
by 123Four
Television
10m
Image Sorting: Flags VI
by Barbecue
Geography
2m
Find the 'City' Movie
by crazypaving
Movies
60s
More to Explore
Quiz From the Vault
Featured Blog Post
14 Easter Pick-up Lines to Find Eggs With
hide this ad
You Might Also Like...
Tags
Quote Quiz
Character
jack
Jack Nicholson
Today's Top Quizzes in Movies
Browse Movies
hide this ad
Today's Top Quizzes in Quote
Browse Quote
Top Contributed Quizzes in Movies
1
The ultimate James Bond movie quiz
2
Find The 'Big' Movie
3
Find The 'Wild' Movie
4
Find The 'Blue' Movie
5
Movies By Plot
6
Hidden Star Wars Character II
7
Pick 5 Posters: Directed by Spielberg
8
Hidden Star Wars Character III
9
Hidden Star Wars Character IV
10
25 Best Actor Nominees (1990s)
Explore More
Trending Topics
NBA
Kpop
Anime
Marvel
Crossword
Harry Potter
Disney
Puzzle
The Office
Country
Pokémon
Soccer
Song
NFL
WWE
hide this ad
More By:
TeganX7
Quiz
Plays
Rating
Category
Featured
Created
James Bond Film Trivia
3,464
4.76
Movies
Jun 11, 2010
Oscar nominee from character description (2000-2009)
2,102
4.44
Movies
Jan 2, 2013
Oscar nominee from character description (1980-1989)
728
4.69
Movies
Jan 3, 2013
1980s sci fi film by quote and clue
719
4.00
Movies
Jul 2, 2010
Oscar nominee from character description (1990-1999)
633
4.45
Movies
Jan 2, 2013
Go to Creator's Profile
Score Distribution
Quiz Creator Spotlight
TeganX7
Follow
Send a Message
Quizzes Created
-
Created Quiz Play Count
-
More By This Creator
Popular Quizzes Today
1
Find the US States - No Outlines Minefield
2
Colored Red Africa Blitz
3
Find the 'City' Movie
4
5x2 Blitz: Bands
5
The Countries of the World
6
Find the Countries of Europe - No Outlines Minefield
7
Find the US States
8
US States
More Movies Quizzes
Gone In 60 Seconds Films VI (Picture Click)
Quiz Lab
Trending Quizzes
Colored Red Europe Blitz I
Colored Red Africa Blitz II
Colored Red Europe Blitz II
Colored Red Africa Blitz III
Colored Red Europe Blitz III
Recently Updated
How Do You Spell That?
pecheneg
Godzilla Movies
pecheneg
Grab Bag: 4-10 Letters
pecheneg
2024 March Madness Bracket
pecheneg
Famous TV Couples
Peacemaker
Champions League XIs: Real Madrid
pecheneg
Largest US Cities 1790-2010
pecheneg
Rides in Walt Disney World
pecheneg
Most Oscar Losses (Acting)
pecheneg
Beyoncé Albums
pecheneg
Trending Topics
Kpop
Marvel
Anime
Disney
Crossword
NBA
Harry Potter
Pokémon
NFL
Puzzle
Soccer
Song
Country
The Office
WWE
Your Account Isn't Verified!
In order to create a playlist on Sporcle, you need to verify the email address you used during registration. Go to your
Sporcle Settings
to finish the process.
Report this User
Report this user for behavior that violates our
Community Guidelines
.
Details:
Send Report
Go to the Sporcle.com Mobile Site →
Comments